Les dÉauts de l'enfant.

Zapisane w:
Opis bibliograficzny
1. autor: Berge, Andre (autor)
Format: Książka
Język:francuski
Hasła przedmiotowe:
Etykiety: Dodaj etykietę
Nie ma etykietki, Dołącz pierwszą etykiete!

MARC

LEADER 00000cam^a2200000uu^4500
001 000467851
005 20250521000000.0
008 050901s1953^^^^^^^^^^^^rd^r^^000^0^fre^d
009 20260310124457.096
035 |a FCE 000010583 
035 |a FCE 031809 
037 |a Acervo ITESO - Biblioteca 
041 |a FRA 
082 0 4 |a 155.4  |b BERd 
100 |a Berge, Andre  |e (autor) 
245 1 4 |a Les dÉauts de l'enfant. 
264 |a Paris :  |b Montaigne,  |c 1953. 
300 |a 155 p. 
336 |a texto  |b txt  |2 rdacontenido 
337 |a sin mediación  |b n  |2 rdamedio 
338 |a volumen  |b nc  |2 rdasoporte 
649 |a XX 
650 |a Educación del niño 
650 |a Desarrollo del niño 
650 |a Niño 
650 |a Psicología 
650 |a Deficiencia mental 
910 |a Fondo Centro de Estudios Educativos 
920 |a Impresos - Libros 
930 |a Fondos Especiales 
905 |a 133 
901 |a ALE031809  |b IT2  |c CEE  |u 20250521 
902 |a https://opac.biblio.iteso.mx/vufind/Record/000467851